Loading...
| 3 | 9 | 1 | 2 | 130 | 21 | 98.67 | 7 | 12 | |
| Beliefs | 4 | 7 | 1 | 3 | 125 | 42 | 94.27 | 4 | 11 |
| Literature - American Literature | 5 | 4 | 0 | 0 | 115 | 29 | 74.44 | 6 | 9 |
| Fine Arts - Visual Fine Arts | 7 | 0 | 3 | 0 | 90 | 26 | 51.43 | 5 | 7 |
| Philosophy | 3 | 3 | 0 | 0 | 75 | 48 | 83.33 | 4 | 6 |
| Literature - British Literature | 4 | 3 | 3 | 1 | 75 | 45 | 85.71 | 4 | 7 |
| Literature - European Literature | 3 | 3 | 2 | 0 | 65 | 9 | 68.83 | 3 | 6 |
| Social Science | 0 | 4 | 0 | 1 | 40 | 81 | 111.75 | 1 | 4 |
| Science - Physics | 0 | 4 | 1 | 2 | 35 | 91 | 117.00 | 2 | 4 |
| Fine Arts - Auditory Fine Arts | 0 | 4 | 1 | 0 | 35 | 66 | 102.75 | 3 | 4 |
| History - European History | 1 | 1 | 0 | 0 | 25 | 61 | 97.00 | 1 | 2 |
| Chemistry> | 0 | 2 | 0 | 0 | 20 | 108 | 118.00 | 0 | 2 |
| Other Arts: Visual | 0 | 2 | 0 | 0 | 20 | 90 | 103.50 | 1 | 2 |
| History - World History | 1 | 0 | 0 | 0 | 15 | 43 | 43.00 | 1 | 1 |
| History - American History | 0 | 2 | 1 | 1 | 15 | 91 | 104.50 | 0 | 2 |
| Science - Chemistry | 0 | 1 | 0 | 0 | 10 | 114 | 114.00 | 1 | 1 |
| Other Arts: Auditory | 0 | 1 | 0 | 1 | 10 | 139 | 139.00 | 0 | 1 |
| Other Science: Computer Science | 0 | 1 | 0 | 0 | 10 | 98 | 98.00 | 1 | 1 |
| Other Science: Math | 0 | 1 | 0 | 1 | 10 | 149 | 149.00 | 1 | 1 |
| Other Science: Earth Science | 0 | 1 | 0 | 0 | 10 | 119 | 119.00 | 1 | 1 |
| Religion | 0 | 0 | 0 | 0 | 0 | 0.00 | 0 | 0 | |
| Current Events | 0 | 0 | 0 | 0 | 0 | 0.00 | 0 | 0 | |
| Science - Biology | 0 | 0 | 1 | 0 | -5 | 0.00 | 0 | 0 | |
| Other Academic | 0 | 0 | 2 | 0 | -10 | 0.00 | 0 | 0 |